Music Quiz

Random Music or Song Quiz

PJ Harvey Songs Quiz Stats

 Plays Quiz not verified by Sporcle

Challenge
Share
Tweet
Embed
Score 0/108 Timer 15:00
1 Play Today
% Correct
To Bring You My Love
95.5%
Rid of Me
95.1%
Is This Desire?
91.6%
Dry
90.3%
Down By The Water
89.3%
Let England Shake
86.7%
White Chalk
86%
Dress
83.4%
C'mon Billy
80.2%
Angelene
79.2%
Sheela-Na-Gig
78.6%
Man-Size
76.6%
Long Snake Moan
76.6%
A Perfect Day Elise
76.6%
Good Fortune
76.6%
50ft Queenie
76.3%
Big Exit
75%
This Is Love
75%
Who The ****
75%
The Dancer
74.4%
The River
74.4%
Meet Ze Monsta
74%
This Mess We're In
74%
Teclo
72.7%
Send His Love To Me
72.7%
Catherine
72.7%
When Under Ether
71.8%
The Letter
71.4%
Water
71.1%
The Garden
71.1%
Oh My Lover
70.8%
Snake
70.8%
Legs
70.5%
The Words That Maketh Murder
70.5%
I Think I'm a Mother
69.2%
The Wind
68.8%
% Correct
We Float
68.8%
O Stella
68.5%
Working for the Man
67.9%
The Sky Lit Up
67.9%
Man-Size Sextet
67.5%
The **** Hustle and the Hustlers ****
67.2%
Highway 61 Revisited
66.9%
Shame
66.9%
England
66.9%
The Last Living Rose
66.6%
The Community of Hope
66.2%
Plants and Rags
65.9%
The Devil
65.9%
Missed
65.3%
You Said Something
65.3%
Yuri-G
64.9%
Kamikaze
64.3%
The Piano
64.3%
Joy
63.6%
Horses in My Dreams
62.3%
Ecstasy
62%
My Beautiful Leah
62%
The Orange Monkey
62%
Hair
61.4%
Electric Light
61.4%
Fountain
61%
Me-Jane
61%
Pocket Knife
61%
A Place Called Home
60.7%
Joe
60.4%
Cat on the Wall
60.1%
One Line
59.7%
The Glorious Land
59.7%
No Girl So Sweet
59.4%
The Life & Death of Mr. Badmouth
59.4%
The Mountain
59.4%
% Correct
The Ministry of Defence
59.2%
Untitled
59.1%
Grow Grow Grow
59.1%
Happy and Bleeding
58.1%
Beautiful Feeling
58.1%
Rub Til It Bleeds
57.1%
On Battleship Hill
57.1%
Written On The Forehead
57.1%
The Darker Days of Me and Him
56.8%
The Wheel
56.3%
Victory
56.2%
Bitter Branches
54.2%
Silence
53.9%
The Desperate Kingdom of Love
53%
Hook
52.9%
This Wicked Tongue
52.6%
Dollar, Dollar
52.1%
Dear Darkness
50.6%
Medicinals
48.6%
The Slow Drug
48.4%
The Colour of the Earth
48.4%
You Come Through
48.1%
Broken Harp
48.1%
River Anacostia
47.9%
No Child of Mine
47.7%
In The Dark Places
47.7%
To Talk To
46.1%
A Line In the Sand
45.8%
The Ministry of Social Affairs
45.8%
It's You
45.5%
All and Everyone
45.1%
Chain of Keys
45.1%
Hanging In The Wire
44.5%
The End
42.9%
Before Departure
41.6%
Near the Memorials to Vietnam and Lincoln
39.4%

You're not logged in!

Compare scores with friends on all Sporcle quizzes.
Join for Free
OR
Log In

You Might Also Like...

Show Comments

Extras

Created Nov 15, 2011ReportNominate
Tags:Song Quiz, harvey

Top Quizzes Today


Score Distribution

Your Account Isn't Verified!

In order to create a playlist on Sporcle, you need to verify the email address you used during registration. Go to your Sporcle Settings to finish the process.

Report this User

Report this user for behavior that violates our Community Guidelines.

Details: